[Event "Arco Christmas op 11th"]
[Site "Arco"]
[Date "2021.12.27"]
[Round "2"]
[White "Gargiulo, Tristano"]
[Black "Mortola, Alberto"]
[Result "1/2-1/2"]
[WhiteElo "1754"]
[BlackElo "1908"]
[PlyCount "61"]
[EventDate "2021.12.26"]
[EventType "swiss"]
[EventRounds "7"]
[EventCountry "ITA"]
[SourceTitle "CBM 205 Extra"]
[Source "ChessBase"]
[SourceDate "2022.01.31"]
[SourceVersion "1"]
[SourceVersionDate "2022.01.31"]
[SourceQuality "1"]

1. d4 b5 2. e3 Bb7 3. Nf3 b4 4. a3 a5 5. axb4 axb4 6. Rxa8 Bxa8 7. Bd3 Nf6 8. Qe2 e6 9. e4 d5 10. e5 Nfd7 11. Bg5 Qc8 12. 0-0 c5 13. c4 dxc4 14. Bxc4 Bxf3 15. Qxf3 cxd4 16. Rc1 Bc5 17. Qg3 Nc6 18. Bb5 Qb7 19. Bxc6 Qxc6 20. Nd2 h6 21. Qh3 0-0 22. Bf4 Qd5 23. Nf3 Qe4 24. Qg3 Qg6 25. b3 Qxg3 26. hxg3 Ra8 27. Rd1 g5 28. Bd2 Ra2 29. Bxb4 Bb6 30. Bd6 d3 31. Nd2 1/2-1/2

[Event "Imperia op 26th"]
[Site "Imperia"]
[Date "1984.09.06"]
[Round "6"]
[White "Gargiulo, Tristano"]
[Black "De Angelis, Fernando"]
[Result "0-1"]
[WhiteElo "2088"]
[BlackElo "2044"]
[PlyCount "88"]
[EventDate "1984.09.01"]
[EventType "swiss"]
[EventRounds "9"]
[EventCountry "ITA"]
[SourceTitle "EXT 2024"]
[Source "ChessBase"]
[SourceDate "2023.10.10"]
[SourceVersion "1"]
[SourceVersionDate "2023.10.10"]
[SourceQuality "1"]

1. e4 e5 2. Nf3 d6 3. d4 Nf6 4. Nc3 Nbd7 5. Bc4 Be7 6. Bg5 0-0 7. Qd2 c6 8. a4 Qc7 9. 0-0 exd4 10. Nxd4 Ne5 11. Bb3 Ng6 12. Rad1 Ne8 13. Rfe1 Bxg5 14. Qxg5 Qe7 15. Qd2 Qf6 16. Re3 Bg4 17. f3 Be6 18. Nce2 Bxb3 19. Rxb3 d5 20. exd5 cxd5 21. Rxb7 Nd6 22. Rb3 Nc4 23. Qd3 Rfe8 24. Nc3 Nf4 25. Qf5 Qh4 26. g3 Nh3+ 27. Kh1 Nf2+ 28. Kg1 Nxd1 29. gxh4 Re1+ 30. Kg2 Nce3+ 31. Kh3 Nxf5 32. Nxf5 Nxc3 33. Rxc3 g6 34. Nd6 Rd8 35. Nb5 Rd7 36. Rc8+ Kg7 37. Ra8 Re2 38. c3 Rxb2 39. Nxa7 h5 40. Nb5 Kf6 41. Rb8 Ra2 42. Ra8 Re7 43. a5 Ree2 44. a6 g5 0-1

[Event "Imperia op 26th"]
[Site "Imperia"]
[Date "1984.09.05"]
[Round "5"]
[White "Vancini, Edoardo"]
[Black "Gargiulo, Tristano"]
[Result "0-1"]
[WhiteElo "1958"]
[BlackElo "2088"]
[PlyCount "50"]
[EventDate "1984.09.01"]
[EventType "swiss"]
[EventRounds "9"]
[EventCountry "ITA"]
[SourceTitle "EXT 2024"]
[Source "ChessBase"]
[SourceDate "2023.10.10"]
[SourceVersion "1"]
[SourceVersionDate "2023.10.10"]
[SourceQuality "1"]

1. e4 d5 2. exd5 Qxd5 3. Nc3 Qa5 4. d4 Nf6 5. Nf3 Bg4 6. h3 Bh5 7. g4 Bg6 8. Ne5 e6 9. h4 Be4 10. Rh3 Bd5 11. Nc4 Bxc4 12. Bxc4 Nbd7 13. Qe2 0-0-0 14. Bg5 Nb6 15. 0-0-0 Qb4 16. Bb3 Rxd4 17. Bxe6+ fxe6 18. Qxe6+ Rd7 19. Rxd7 Nbxd7 20. Bxf6 Qf4+ 21. Re3 Qxf6 22. Qe8+ Qd8 23. Qf7 Bc5 24. Rd3 Qe7 25. Qf5 g6 0-1

[Event "Imperia op 26th"]
[Site "Imperia"]
[Date "1984.09.04"]
[Round "4"]
[White "Moulin, Pierre"]
[Black "Gargiulo, Tristano"]
[Result "1/2-1/2"]
[WhiteElo "2200"]
[BlackElo "2088"]
[PlyCount "35"]
[EventDate "1984.09.01"]
[EventType "swiss"]
[EventRounds "9"]
[EventCountry "ITA"]
[SourceTitle "EXT 2024"]
[Source "ChessBase"]
[SourceDate "2023.10.10"]
[SourceVersion "1"]
[SourceVersionDate "2023.10.10"]
[SourceQuality "1"]

1. e4 e6 2. d4 d5 3. Nd2 Nc6 4. Ngf3 Nf6 5. e5 Nd7 6. Be2 f6 7. exf6 Nxf6 8. 0-0 Bd6 9. Re1 0-0 10. c4 Ne4 11. Bd3 Nxd4 12. Bxe4 dxe4 13. Nxd4 Bxh2+ 14. Kxh2 Qh4+ 15. Kg1 Qxf2+ 16. Kh1 Qh4+ 17. Kg1 Qf2+ 18. Kh1 1/2-1/2

[Event "Imperia op 26th"]
[Site "Imperia"]
[Date "1984.09.02"]
[Round "2"]
[White "Magari, Roberto"]
[Black "Gargiulo, Tristano"]
[Result "1/2-1/2"]
[WhiteElo "1900"]
[BlackElo "2088"]
[PlyCount "41"]
[EventDate "1984.09.01"]
[EventType "swiss"]
[EventRounds "9"]
[EventCountry "ITA"]
[SourceTitle "EXT 2024"]
[Source "ChessBase"]
[SourceDate "2023.10.10"]
[SourceVersion "1"]
[SourceVersionDate "2023.10.10"]
[SourceQuality "1"]

1. e4 e6 2. d4 d5 3. Nd2 Nc6 4. Ngf3 Nf6 5. e5 Nd7 6. c3 f6 7. exf6 Qxf6 8. Bb5 a6 9. Bxc6 bxc6 10. 0-0 Bd6 11. Re1 0-0 12. Qe2 Re8 13. Ne5 c5 14. Ndf3 cxd4 15. cxd4 h6 16. Bd2 Bxe5 17. Nxe5 Nxe5 18. Qxe5 Qxe5 19. Rxe5 Rb8 20. b3 Bd7 21. Rc1 1/2-1/2

[Event "Imperia op 26th"]
[Site "Imperia"]
[Date "1984.09.01"]
[Round "1"]
[White "Gargiulo, Tristano"]
[Black "Hugony, Fabrizio"]
[Result "1/2-1/2"]
[WhiteElo "2088"]
[BlackElo "1963"]
[PlyCount "28"]
[EventDate "1984.09.01"]
[EventType "swiss"]
[EventRounds "9"]
[EventCountry "ITA"]
[SourceTitle "EXT 2024"]
[Source "ChessBase"]
[SourceDate "2023.10.10"]
[SourceVersion "1"]
[SourceVersionDate "2023.10.10"]
[SourceQuality "1"]

1. e4 c5 2. Nf3 d6 3. d4 cxd4 4. Nxd4 Nf6 5. Nc3 g6 6. f4 Nbd7 7. Be2 Bg7 8. 0-0 0-0 9. Bf3 a6 10. Be3 e5 11. Nb3 exf4 12. Bxf4 Ne5 13. Kh1 Qe7 14. Bg5 Be6 1/2-1/2

[Event "Imperia op 25th"]
[Site "Imperia"]
[Date "1983.09.10"]
[Round "8"]
[White "Karl, Hans"]
[Black "Gargiulo, Tristano"]
[Result "1-0"]
[WhiteElo "2335"]
[BlackElo "1996"]
[PlyCount "115"]
[EventDate "1983.09.03"]
[EventType "swiss"]
[EventRounds "9"]
[EventCountry "ITA"]
[SourceTitle "EXT 2023"]
[Source "ChessBase"]
[SourceDate "2022.10.05"]
[SourceVersion "1"]
[SourceVersionDate "2022.10.05"]
[SourceQuality "1"]

1. d4 Nf6 2. c4 c5 3. d5 b5 4. g3 Bb7 5. Bg2 bxc4 6. e4 d6 7. Na3 g6 8. Nxc4 Bg7 9. Ne2 Nbd7 10. 0-0 0-0 11. Bd2 Ba6 12. Rc1 Qb8 13. b3 Ng4 14. f4 Nb6 15. h3 Nf6 16. Be3 Nxc4 17. bxc4 Qb4 18. Bd2 Qb6 19. Rb1 Qc7 20. Qa4 Bc8 21. Ba5 Bd7 22. Bxc7 Bxa4 23. Rb7 Rfc8 24. e5 Ne8 25. Ba5 Kf8 26. Bc3 Bc2 27. Nc1 Rcb8 28. Rxb8 Rxb8 29. Rf2 Bf5 30. Nb3 h5 31. Rb2 Nc7 32. Bf1 Na8 33. Kf2 Nb6 34. Na5 Rc8 35. Rb5 Bd7 36. Rb3 Na4 37. Ba1 Nb6 38. Kf3 Ba4 39. Rb1 Bc2 40. Rc1 Ba4 41. Bd3 Rc7 42. g4 hxg4+ 43. hxg4 Nd7 44. Ke4 Nb6 45. Re1 Nd7 46. Re2 Bd1 47. Rg2 Ba4 48. Bc2 Bxc2+ 49. Rxc2 f6 50. e6 f5+ 51. gxf5 gxf5+ 52. Kxf5 Bxa1 53. exd7 Rxd7 54. Ke6 Rc7 55. Rc1 Bf6 56. Rb1 Bc3 57. Rb8+ Kg7 58. Nc6 1-0

[Event "Imperia op 25th"]
[Site "Imperia"]
[Date "1983.09.04"]
[Round "2"]
[White "Gargiulo, Tristano"]
[Black "Cordara, Michele"]
[Result "1/2-1/2"]
[WhiteElo "1996"]
[BlackElo "2070"]
[PlyCount "35"]
[EventDate "1983.09.03"]
[EventType "swiss"]
[EventRounds "9"]
[EventCountry "ITA"]
[SourceTitle "EXT 2023"]
[Source "ChessBase"]
[SourceDate "2022.10.05"]
[SourceVersion "1"]
[SourceVersionDate "2022.10.05"]
[SourceQuality "1"]

1. e4 c5 2. Nf3 d6 3. d4 cxd4 4. Nxd4 Nf6 5. Nc3 a6 6. Be3 e5 7. Nb3 Be6 8. Qd2 Nbd7 9. f3 Be7 10. g4 h6 11. 0-0-0 Qc7 12. h4 Nb6 13. g5 hxg5 14. Bxg5 0-0-0 15. Bh3 Kb8 16. Qf2 Nc4 17. f4 Rc8 18. Rd3 1/2-1/2

[Event "Imperia op 25th"]
[Site "Imperia"]
[Date "1983.09.03"]
[Round "1.5"]
[White "Agnelli, Francesco"]
[Black "Gargiulo, Tristano"]
[Result "1/2-1/2"]
[WhiteElo "1919"]
[BlackElo "1996"]
[PlyCount "117"]
[EventDate "1983.09.03"]
[EventType "swiss"]
[EventRounds "9"]
[EventCountry "ITA"]
[SourceTitle "EXT 2023"]
[Source "ChessBase"]
[SourceDate "2022.10.05"]
[SourceVersion "1"]
[SourceVersionDate "2022.10.05"]
[SourceQuality "1"]

1. e4 e6 2. d3 d5 3. Nd2 Nf6 4. Ngf3 Nc6 5. g3 dxe4 6. dxe4 Bc5 7. Bg2 e5 8. 0-0 0-0 9. c3 Qe7 10. Qc2 a5 11. a4 Be6 12. Ng5 Bg4 13. Nc4 h6 14. Nf3 Qe6 15. Ne3 Bxe3 16. Bxe3 Bh3 17. Nh4 Bxg2 18. Kxg2 Qc4 19. f3 Nb4 20. Qc1 Nd3 21. Qc2 Nb4 22. Qc1 Nd3 23. Qc2 Nxe4 24. Nf5 Nec5 25. Ra3 e4 26. Bd4 exf3+ 27. Kh1 f2 28. Ne3 Qe6 29. Ng2 Qe4 30. Raa1 Rae8 31. Bxc5 Nxc5 32. Rxf2 Qxc2 33. Rxc2 Re4 34. b4 axb4 35. cxb4 Ne6 36. Rb1 Rd8 37. Nh4 Red4 38. Rbb2 Rd1+ 39. Kg2 Ra1 40. a5 Rdd1 41. Nf5 Rg1+ 42. Kh3 Rgf1 43. Ne7+ Kf8 44. Nd5 c6 45. Nb6 Rab1 46. Nc8 Rfd1 47. Nb6 Ng5+ 48. Kg2 Rxb2 49. Rxb2 Ke7 50. Na4 Ne6 51. Nc5 Nxc5 52. bxc5 Rd7 53. Kf3 Kd8 54. Rb6 Kc7 55. a6 bxa6 56. Rxa6 Rd3+ 57. Kf4 Rb3 58. Ra7+ Rb7 59. Ra2 1/2-1/2